02598nam a2200277 a 4500001000200000003000900002005001700011008003600028020001500064040002500079082002100104100003000125245007100155260004100226300002800267490001000295505169100305590002601996600004202022710007102064830001302135910001402148942001202162952012902174999001702303 DO-SdBNP20220221092257.0140613s 20uu dr a 000 0 spa d a9993492302 aDO-SdBNPbspacBPMSU 4a922.2bP421u2221 aPepén, Juan F.cObispo 13aUn garabato de Dios :bvivencias de un testigo /cJuan F. Pepén. aSanto Domingo :bPeregrino,c[200-?] a300 p. :bil. ;c21 cm.0 aUCADE aPrólogo 11 -- Nacimiento y primera infancia 15 -- Primera escuela y ambiente social 19 -- Vida religiosa del pueblo 23 -- Primera vida religiosa 29 -- La aventura del seminario 35 -- Hacia una nueva experiencia 49 -- Sacerdocio y ministerio 49 -- De nuevo en casa 75 -- Un tiempo difícil para esta iglesia 81 -- Hacia el episcopado 89 -- Las manos en el arado 101 -- Una Iglesia más encarnada 109 -- Dias muy difíciles 109 -- Primer viaje a Roma 129 -- Ministerio y apostolado 129 -- Al ritmo de los tiempos 151 -- Paso a paso 163 -- Vida igual y nueva tarea 177 -- Una Iglesia en crecimiento 185 -- Una Iglesia renovada y peregrina 197 -- La huella del testigo 211 -- Un nuevo pentecostés 219 -- Epílogo 225 -- APENDICES -- Defiende a los obreros del azúcar un prelado dominicano 231 -- Carta pastoral: sobre el problema agrario y sus posibles soluciones 235 -- ;Mensaje en la fiesta de Nuestra Señora de la Altagracia 241 -- Devolución de la imagen de la virgen de la Altagracia 247 -- Semana de oración y desagravio 249 -- Declaración del consejo presbiterial 251 -- Un nuevo seminario 253 -- Sobre designación de un nuevo obispo 257 -- Breve descripción de la diócesis de nuestra señora de la Altagracia 259 -- Obras auspiciadas por el obispado de Higuey a partir de octubre de 1959 263 -- Monseñor Pepén, educador desde la iglesia 267 -- Sobre las Misioneras de la Caridad (de Calcuta) 275 -- Visita pastoral en Bayaguana 277 -- 25 aniversario escuela Juan XXIII 281 -- El nuncio Lino Zanini 287 -- 40 años después 291 -- Respuesta a cuestionario sobre la Altagracia 295 -- Carta del padre Juan Ballari SBB 297 -- Albricias Papa Juan XXIII 299 aInventariado, 2021/VM14aPepén, Juan F., d1920-vReligión2 aUniversidad Católica del Este (Higüey, República Dominicana) 0aUcaden1 aVMateo V: 2ddccBK 00102ddc40708CDaBPMETbBPMETd2021-10-08eCompraoBPMSU CD 922.2 P421u 2003pBPMSUT21100064r2021-10-08w2021-10-08yBK c13773d13773